[Event "LSS SL-2006-0-00054"]
[Site "LSS email"]
[Date "2006.12.03"]
[Round "?"]
[White "Aguilar, Nicolas"]
[Black "Petidis, Kostas"]
[Result "0-1"]
[WhiteElo "1300"]
[BlackElo "1036"]
[PlyCount "26"]
[EventDate "2006.12.03"]
[EventType "tourn (corr)"]
[EventRounds "10"]
[EventCountry "GER"]
[SourceTitle "Corr 2024"]
[Source "ChessBase"]
[SourceDate "2023.10.19"]
[SourceVersion "1"]
[SourceVersionDate "2023.10.19"]
[SourceQuality "1"]

1. e4 c5 2. Nf3 d6 3. d4 cxd4 4. Nxd4 Nf6 5. Nc3 g6 6. Be3 Bg7 7. f3 0-0 8. Qd2 Nc6 9. 0-0-0 d5 10. exd5 Nxd5 11. Nxc6 bxc6 12. Nxd5 cxd5 13. Qxd5 Qc7 0-1